Blockheads IV Quiz Stats

 Plays Quiz Updated Aug 13, 2018

Also try: Blockheads III
Challenge
Share
Tweet
Score 0/48 Timer 10:00
0 Plays Today
% Correct
Shrek
93.7%
Santa Claus
91.1%
Darth Vader
90.2%
Miss Piggy
89.3%
Red
86.9%
Deadpool
86.4%
SpongeBob SquarePants
86.4%
Queen Elizabeth II
86.1%
Donald Duck
84.6%
Bert
82%
Ronald McDonald
79.9%
Pennywise
76.6%
Marilyn Monroe
76.1%
Jesus Christ
75.4%
Mary Poppins
73.8%
Popeye the Sailor
73.2%
Mother Teresa
72.5%
Cap'n Crunch
72.3%
William Shakespeare
71.8%
Ozzy Osbourne
70.8%
Bob Marley
65.7%
Fidel Castro
64.8%
Ash Ketchum
59.2%
Napoleon Dynamite
58.5%
% Correct
Henry VIII
56.7%
Garth Algar
54.9%
Donkey Kong
54.2%
Stan Lee
49.6%
Charles Manson
49.4%
Jimi Hendrix
47.7%
Mr. Miyagi
45.7%
Mark Twain
43.8%
Ron Swanson
41.6%
Danger Mouse
39.3%
Sweeney Todd
39%
Alex DeLarge
35.7%
Freddie Mercury
35.2%
Blade
33%
Bono
32.6%
Max Rockatansky
26%
Solid Snake
25.6%
Kim Jong-il
21.3%
Karl Marx
20%
Neytiri
17%
Adam Ant
9.4%
Leonidas I
5.8%
Genghis Khan
5.4%
ASIMO
3.2%

You're not logged in!

Compare scores with friends on all Sporcle quizzes.
OR
Log In

You Might Also Like...

Show Comments

Extras

Top Quizzes Today


Score Distribution

Your Account Isn't Verified!

In order to create a playlist on Sporcle, you need to verify the email address you used during registration. Go to your Sporcle Settings to finish the process.

Report this User

Report this user for behavior that violates our Community Guidelines.

Details: